000 00811nam a22002897a 4500
001 BR9511935
003 BR-BrBNA
005 20230928094902.0
007 ta
008 230509b bl.||||| |||| 00| 0 por d
040 _aBR-BrBNA
_bpor
_cBiblioteca Nacional de Agricultura
041 _a(Por)
072 _aP40
090 _ P40 BR9511935
100 1 _aBuys, M.E.L.
100 1 _aBotha, J.F.
100 1 _aKotze, A.N.
110 1 _aAssociacao de Credito e Assistencia Rural de Santa Catarina, Florianopolis (Brasil). Servico de Extensao Rural
_9446
245 1 _aCombate das geadas de primavera
260 3 _aFlorianopolis, SC (Brasil):
_c1987.
300 _a19 p.
500 _a5 illus.
650 _aGeada
650 _aSanta Catarina
909 _a202309
_bLucia
_c55
_dLucia Elande
942 _cBK
999 _c53218
_d53218